Digital logic design (Record no. 63563)

MARC details
000 -LEADER
fixed length control field 00718nam a2200181 a 4500
008 - FIXED-LENGTH DATA ELEMENTS--GENERAL INFORMATION
fixed length control field 120416s1982 ||||||||||||||||| || u
020 ## - INTERNATIONAL STANDARD BOOK NUMBER
International Standard Book Number 0408004045
050 ## - LIBRARY OF CONGRESS CALL NUMBER
Classification number TK 7868.D5 Hol
100 ## - MAIN ENTRY--PERSONAL NAME
Personal name Holdsworth, Brian
245 10 - TITLE STATEMENT
Title Digital logic design
260 ## - PUBLICATION, DISTRIBUTION, ETC.
Place of publication, distribution, etc. London:
Name of publisher, distributor, etc. Butterworths
Date of publication, distribution, etc. 1982
300 ## - PHYSICAL DESCRIPTION
Extent xii, 333p. : ill
350 ## -
-- 0.00
650 #0 - SUBJECT ADDED ENTRY--TOPICAL TERM
Topical term or geographic name entry element LOGIC DESIGN
650 #0 - SUBJECT ADDED ENTRY--TOPICAL TERM
Topical term or geographic name entry element DIGITAL ELECTRONICS
995 ## -
-- BINDERY (DAMAGED)
-- 0.00
-- 714298
-- CBU-MAIN LIBRARY (Kitwe)
-- 1
-- 11.50
-- TK 7868.D5 Hol
-- 1
-- DAMAGED
-- 016616
-- Main Library Open Access Collection
995 ## -
-- MAIN LIBRARY OPEN ACCESS
-- 0.00
-- 016617
-- CBU-MAIN LIBRARY (Kitwe)
-- 2
-- 11.50
-- TK 7868.D5 Hol
-- 2
-- LOST
-- 016617
-- Main Library Open Access Collection
999 ## -
-- 63563
-- 63563
Holdings
Withdrawn status Lost status Source of classification or shelving scheme Damaged status Not for loan Permanent Location Current Location Shelving location Date acquired Total Checkouts Full call number Barcode Date last seen Copy number Price effective from Koha item type
          CBU-MAIN LIBRARY, KITWE. CBU-MAIN LIBRARY, KITWE.   12/27/2022   TK 7868.D5 Hol 016616 12/27/2022 1 12/27/2022 MONOGRAPH
          CBU-MAIN LIBRARY, KITWE. CBU-MAIN LIBRARY, KITWE.   12/27/2022   TK 7868.D5 Hol   12/27/2022 2p016617 12/27/2022 MONOGRAPH